Danse avec les Stars - Partenaires de Yann-Alrick Mortreuil - Statistiques

Statistiques générales
  • Ce quiz a été pris 55 fois
    17 depuis la dernière actualisation
  • Le résultat moyen est 4 sur 6
Statistiques - réponses
Saisons Professions Célébrités % Correct
Saison 15 Miss France Angélique Angarni-Filopon
92%
Saison 14 Actrice et réalisatrice Charlotte de Turckheim
77%
Saison 13 Miss France Diane Leyre
69%
Saison 6 Influenceuse Enjoy Phoenix
69%
Saison 4 Chanteuse Tal
46%
Saison 7 Animatrice télé Karine Ferri
31%
Aucun quiz correspondant
Distribution des résultats
% des personnes avec chaque résultat
Percentile par nombre de réponses
Votre historique - résultats
Vous n’avez pas pris ce quiz depuis la dernière actualisation